Регионална библиотека "Любен Каравелов" - Русе

Пьесы для фагота с фортепиано (Запис номер 352430)

MARC детайли
000 -Лидер
Контролно поле с фиксирана дължина ncm a22 a 4500
003 - Код на организацията, давaща контролен номер
Контролно поле BLK
005 - Дата и час на последна редакция
Контролно поле 20200504191816.0
008 - Елементи от данни с фиксирана дължина
fixed length control field 200408b bu ||||| |||| 00| 0 bu d
040 ## - Източник на каталожния запис
Идентификатор на билиотеката - собственик на записа BLK
041 ## - Код за език
Код за езика на текст/звукозапис или на отделно заглавие Руски
Код за езика КДБФ Руски
080 ## - УДК
Текстов определител УДК Фагот, контрафагот
УДК код - определител по УДК 788.8
УДК - код + определител 788.8
080 ## - УДК
Текстов определител УДК Клавирен съпровод
УДК код - определител по УДК 786.2.082.1
УДК - код + определител 786.2.082.1
100 ## - Редна дума - Автор
R(LIN) 1275
Автор Василиев, Александър Гордеевич
Авторска отговорност прераб.
139 ## - Редно поле
Редна дума Василиев, Александър Гордеевич
Авторски знак Васили - В 26
245 ## - Сведения за заглавието
Заглавие Пьесы для фагота с фортепиано
Подзаглавни данни Для учащихся муз. училищ и консерваторий
Редно поле (дума) Александър Гордеевич Василиев
257 ## - Страна на издаване
Страна на създаване/издаване Русия
260 ## - Област на издателските данни
9 (RLIN) 402764
Място на издаване, разпространение и проч. Ленинград
Име на издателя, разпространителя и проч. Музыка
Година на издаване 1969
300 ## - Физическа характеристика
Страници 39 с.
Размери/Мащаб 29 см
380 ## - Жанр
Жанр Изкуство
500 ## - Общи забележки
Забележка Съдържа: Романс /Б. Кампаньоли. Концертное рондо / В.А. Моцарт. Андантино из квинтета для духовых инструментов с ф.-п /Л. Бетховен. Романс из второго концерта для кларнета с оркестром /К.М. Вебер. Лебедь /К. Сен-Санс. Ноктюрн /Р. Глиэр.
650 #7 - Допълнително описание по предмет – тема
9 (RLIN) 175128
Основно описание – тема или топоним Фагот
650 #7 - Допълнително описание по предмет – тема
9 (RLIN) 166247
Основно описание – тема или топоним Пиано
653 #7 - Ключова дума – ненормативна
9 (RLIN) 193747
Ключова дума пиеси
653 #7 - Ключова дума – ненормативна
9 (RLIN) 199160
Ключова дума фагот
653 #7 - Ключова дума – ненормативна
9 (RLIN) 193730
Ключова дума пиано
852 ## - Местоположение
Форматна сигнатура Цб М ІІ 5252
Фондова буква Отдел Изкуство - подръчен фонд
999 ## - СИСТЕМНИ КОНТРОЛНИ НОМЕРА
Koha biblionumber 352430
Koha biblioitemnumber 352430
942 ## - АРТИКУЛИ
Вид на библиотечния материал Нотни издания
Скрит в OPAC Не
Периодичен библиозапис Да
944 ## - СЪЗДАВАНЕ И РЕДАКЦИЯ на ЗАПИСА
Дата на регистрацията/редакция 2020-04-08
Служител, извършил регистрацията/редакцията Валентина Караджова
999 ## - СИСТЕМНИ КОНТРОЛНИ НОМЕРА
Koha biblioitemnumber 352430
999 ## - СИСТЕМНИ КОНТРОЛНИ НОМЕРА
Koha biblioitemnumber 352430
Наличности
Код за отписване Код за изгубен артикул Източник на класификационната схема Код за повреда Код за отдаване Артикулен № Име на библиотеката - собственик Име на библиотеката, в която се намира в момента Статус (Текущо местоположение) Дата на вписване в системата Местоположение - отдел Цена в лева Инвентарен номер Систематично азбучна сигнатура Баркод Цена в евро Служебен тип на артикула
  Не е изгубен Universal Decimal Classification Не е повреден заемане за дома 759660 Регионална библиотека "Любен Каравелов" Русе Регионална библиотека "Любен Каравелов" Русе Отдел Изкуство - подръчен фонд 2020-04-08 Отдел Изкуство - подръчен фонд 0.52 85854 788/В 26 А 120000085854 0.27 Нотни издания
  Не е изгубен Universal Decimal Classification Не е повреден ползва се в читалня 764600 Регионална библиотека "Любен Каравелов" Русе Регионална библиотека "Любен Каравелов" Русе Хранилище 2020-04-25 Хранилище 0.52 85855 Цб М ІІ 5252 120000085855 0.27 Нотни издания
Vip Innovations Ltd, Rousse, Bulgaria 2025